[Event "CAN-ch"]
[Site "Guelph"]
[Date "2009.08.16"]
[Round "9"]
[White "Divljan, Igor"]
[Black "Krnan, Tomas"]
[Result "1-0"]
[WhiteElo "2290"]
[BlackElo "2439"]
[PlyCount "65"]
[EventDate "2009.08.08"]
[EventType "swiss"]
[EventRounds "9"]
[EventCountry "CAN"]
[SourceTitle "CBM 132 Extra"]
[Source "ChessBase"]
[SourceDate "2009.11.03"]
[SourceVersion "1"]
[SourceVersionDate "2009.11.03"]
[SourceQuality "1"]

1. d4 g6 2. c4 Bg7 3. e4 d6 4. Nc3 Nf6 5. Be2 0-0 6. Bg5 Nbd7 7. Qd2 c5 8. d5 a6 9. a4 Qa5 10. Ra3 Qb4 11. a5 b5 12. Nf3 h6 13. Bf4 bxc4 14. 0-0 g5 15. Bg3 Rb8 16. Rb1 Nxe4 17. Nxe4 f5 18. Nxd6 Qxa3 19. Nxc8 Rfxc8 20. Bxb8 Qa2 21. Qc2 c3 22. Ba7 cxb2 23. Bc4 Qa1 24. d6+ Kh8 25. Nxg5 hxg5 26. Qxf5 Bf6 27. Bd3 Kg7 28. Qxd7 c4 29. dxe7 Re8 30. Qxe8 cxd3 31. Qf8+ Kh7 32. Qf7+ Bg7 33. Qf5+ 1-0

[Event "CAN-ch"]
[Site "Guelph"]
[Date "2009.08.14"]
[Round "7"]
[White "Divljan, Igor"]
[Black "Qin, Zi Yi"]
[Result "1-0"]
[WhiteElo "2290"]
[BlackElo "2140"]
[PlyCount "107"]
[EventDate "2009.08.08"]
[EventType "swiss"]
[EventRounds "9"]
[EventCountry "CAN"]
[SourceTitle "CBM 132 Extra"]
[Source "ChessBase"]
[SourceDate "2009.11.03"]
[SourceVersion "1"]
[SourceVersionDate "2009.11.03"]
[SourceQuality "1"]

1. d4 Nf6 2. c4 g6 3. Nc3 Bg7 4. e4 d6 5. f4 0-0 6. Nf3 c5 7. dxc5 Qa5 8. Bd3 Qxc5 9. Qe2 Bg4 10. Be3 Qa5 11. Rc1 Nc6 12. 0-0 Nd7 13. Qf2 Bxf3 14. gxf3 Nc5 15. Bb1 Na4 16. Nxa4 Qxa4 17. b3 Qa5 18. Rfd1 b6 19. h4 Rac8 20. Kg2 Qa3 21. h5 Qb2 22. Rc2 Qf6 23. Rh1 Nd4 24. Rd2 e5 25. Qg3 h6 26. Bxd4 exd4 27. Kf1 g5 28. fxg5 Qxg5 29. Qxg5 hxg5 30. Rg2 Rc5 31. Rhg1 Bh6 32. Ke2 Kh8 33. Kd3 Bg7 34. b4 Re5 35. f4 Re6 36. Rxg5 Bf6 37. Rd5 Bg7 38. a4 Rfe8 39. Re1 Rh6 40. Ba2 Rf6 41. Rxd4 Rxf4 42. Rxd6 Bf8 43. c5 Bxd6 44. cxd6 Rd8 45. e5 Kg7 46. Re4 Rf1 47. Kc4 Rc1+ 48. Kb5 Rcc8 49. Rg4+ Kh6 50. Bxf7 a5 51. Rd4 axb4 52. Kxb4 Rc5 53. e6 Re5 54. e7 1-0

[Event "Canada zt"]
[Site "Toronto"]
[Date "2006.08.23"]
[Round "6"]
[White "Divljan, Igor"]
[Black "Kaminski, Victor Kazimierz"]
[Result "0-1"]
[WhiteElo "2319"]
[BlackElo "2129"]
[PlyCount "128"]
[EventDate "2006.08.18"]
[EventType "swiss"]
[EventRounds "9"]
[EventCountry "CAN"]
[SourceTitle "CBM 113 Extra"]
[Source "ChessBase"]
[SourceDate "2006.09.14"]
[SourceVersion "1"]
[SourceVersionDate "2006.09.14"]
[SourceQuality "1"]

1. d4 Nf6 2. c4 e6 3. Nf3 c5 4. d5 exd5 5. cxd5 d6 6. Nc3 g6 7. h3 Bg7 8. e4 0-0 9. Bd3 b5 10. Nxb5 Re8 11. 0-0 Nxe4 12. Re1 a6 13. Na3 Nf6 14. Rxe8+ Nxe8 15. Bg5 Nf6 16. Nc4 h6 17. Bh4 Bb7 18. Ne3 Nbd7 19. Rb1 Nb6 20. Bc4 Nxc4 21. Nxc4 g5 22. Bg3 Bxd5 23. Nxd6 Bf8 24. Be5 Bxa2 25. Rc1 Be6 26. Rxc5 Nd7 27. Rc6 Nxe5 28. Nxe5 Bg7 29. Nec4 Bxc4 30. Rxc4 Be5 31. Rc6 Qd7 32. Qf3 Rd8 33. Rxa6 Bxd6 34. Qf6 Bf4 35. g3 Qd1+ 36. Kg2 Qd5+ 37. Kh2 Rd6 38. Rxd6 Qxd6 39. Qf5 Be5 40. b4 Bd4 41. Kg2 Qxb4 42. h4 Qd2 43. hxg5 hxg5 44. Qf3 Kg7 45. Qf5 Qxf2+ 46. Qxf2 Bxf2 47. Kxf2 Kf6 48. Ke2 Kf5 49. Kf3 g4+ 50. Ke3 Ke5 51. Kd3 f6 52. Ke3 f5 53. Kd3 f4 54. Ke2 f3+ 55. Ke3 Kd5 56. Kd3 Kc5 57. Ke3 Kc4 58. Kf2 Kd3 59. Kf1 Ke3 60. Ke1 Kd3 61. Kf2 Ke4 62. Kf1 Kd4 63. Kf2 Kd3 64. Kf1 f2 0-1

[Event "Canada zt"]
[Site "Toronto"]
[Date "2006.08.21"]
[Round "4"]
[White "Divljan, Igor"]
[Black "Belc, Daniela"]
[Result "1-0"]
[WhiteElo "2319"]
[BlackElo "2064"]
[PlyCount "49"]
[EventDate "2006.08.18"]
[EventType "swiss"]
[EventRounds "9"]
[EventCountry "CAN"]
[SourceTitle "CBM 113 Extra"]
[Source "ChessBase"]
[SourceDate "2006.09.14"]
[SourceVersion "1"]
[SourceVersionDate "2006.09.14"]
[SourceQuality "1"]

1. d4 d5 2. c4 c6 3. Nf3 e6 4. Nc3 dxc4 5. Bg5 Qc7 6. e4 b5 7. a4 Bb4 8. Be2 Bb7 9. 0-0 a6 10. e5 Bxc3 11. bxc3 Nd7 12. Nd2 f6 13. exf6 gxf6 14. Bh5+ Ke7 15. Bh4 Nh6 16. Bg3 Qb6 17. Rb1 Qa7 18. Re1 Nf5 19. Qg4 Nxg3 20. Rxe6+ Kd8 21. hxg3 Qb8 22. Qg7 Kc7 23. Re7 Qd8 24. Ne4 Rg8 25. Qf7 1-0

[Event "Canada zt"]
[Site "Toronto"]
[Date "2006.08.19"]
[Round "2"]
[White "Divljan, Igor"]
[Black "Zubac, Marius"]
[Result "1/2-1/2"]
[WhiteElo "2319"]
[BlackElo "2217"]
[PlyCount "42"]
[EventDate "2006.08.18"]
[EventType "swiss"]
[EventRounds "9"]
[EventCountry "CAN"]
[SourceTitle "CBM 113 Extra"]
[Source "ChessBase"]
[SourceDate "2006.09.14"]
[SourceVersion "1"]
[SourceVersionDate "2006.09.14"]
[SourceQuality "1"]

1. d4 d5 2. c4 e6 3. Nc3 c6 4. Nf3 Nd7 5. Bf4 Ngf6 6. e3 Be7 7. Qc2 0-0 8. Rd1 Qa5 9. Nd2 Nh5 10. Bd3 f5 11. 0-0 Nxf4 12. exf4 Bd6 13. g3 Nf6 14. c5 Bb8 15. Rb1 b5 16. cxb6 axb6 17. b4 Qa7 18. Nf3 Bd7 19. Ne5 Rc8 20. Nxd7 Qxd7 21. Qb3 Ne4 1/2-1/2

[Event "Guelph op"]
[Site "Guelph"]
[Date "2005.07.30"]
[Round "6"]
[White "Divljan, Igor"]
[Black "Ganguly, Surya Shekhar"]
[Result "0-1"]
[WhiteElo "2313"]
[BlackElo "2596"]
[PlyCount "34"]
[EventDate "2005.07.28"]
[EventType "swiss"]
[EventRounds "9"]
[EventCountry "CAN"]
[SourceTitle "CBM 107 Extra"]
[Source "ChessBase"]
[SourceDate "2005.09.01"]
[SourceVersion "1"]
[SourceVersionDate "2005.09.01"]
[SourceQuality "1"]

1. d4 Nf6 2. c4 c5 3. d5 b5 4. cxb5 a6 5. b6 a5 6. Nc3 Ba6 7. f4 Qxb6 8. Nf3 e6 9. e4 c4 10. e5 Nxd5 11. Nxd5 exd5 12. Qxd5 Bb4+ 13. Bd2 Nc6 14. 0-0-0 0-0 15. a3 Bxa3 16. bxa3 Qb3 17. Nd4 Qxa3+ 0-1

[Event "CAN-ch"]
[Site "Toronto"]
[Date "2004.08.28"]
[Round "8"]
[White "Bluvshtein, Mark"]
[Black "Divljan, Igor"]
[Result "1-0"]
[WhiteElo "2462"]
[BlackElo "2317"]
[PlyCount "73"]
[EventDate "2004.08.20"]
[EventType "swiss"]
[EventRounds "9"]
[EventCountry "CAN"]
[SourceTitle "CBM 101 Extra"]
[Source "ChessBase"]
[SourceDate "2004.09.01"]
[SourceVersion "2"]
[SourceVersionDate "2004.09.01"]
[SourceQuality "1"]

1. e4 c5 2. Nf3 e6 3. d4 cxd4 4. Nxd4 Nc6 5. Nc3 Qc7 6. Be3 a6 7. Qd2 Nf6 8. 0-0-0 Bb4 9. f3 Ne5 10. Nb3 b5 11. Kb1 Be7 12. Qf2 d6 13. Bb6 Qb8 14. Bd4 0-0 15. g4 Nfd7 16. g5 Nc4 17. Bxc4 bxc4 18. Nd2 Bb7 19. Nxc4 Rc8 20. Na5 Bxg5 21. Rhg1 f6 22. f4 Bh6 23. e5 fxe5 24. fxe5 Rf8 25. Qh4 Bf4 26. Qg4 Rf7 27. Rdf1 Nxe5 28. Qxe6 Qc8 29. Qb3 Rb8 30. Rxf4 Bg2 31. Rxf7 Rxb3 32. Rxg7+ Kxg7 33. Rxg2+ Kf7 34. axb3 Ke6 35. Re2 Kf5 36. Bxe5 dxe5 37. Nc4 1-0

[Event "CAN-ch"]
[Site "Toronto"]
[Date "2004.08.25"]
[Round "6"]
[White "Divljan, Igor"]
[Black "McTavish, David"]
[Result "1-0"]
[WhiteElo "2317"]
[BlackElo "2217"]
[PlyCount "51"]
[EventDate "2004.08.20"]
[EventType "swiss"]
[EventRounds "9"]
[EventCountry "CAN"]
[SourceTitle "CBM 101 Extra"]
[Source "ChessBase"]
[SourceDate "2004.09.01"]
[SourceVersion "2"]
[SourceVersionDate "2004.09.01"]
[SourceQuality "1"]

1. d4 Nf6 2. c4 g6 3. Nc3 d5 4. Nf3 Bg7 5. Bg5 Ne4 6. cxd5 Nxg5 7. Nxg5 e6 8. Qd2 exd5 9. Qe3+ Kf8 10. Qf4 Bf6 11. h4 h6 12. Nf3 Kg7 13. 0-0-0 c6 14. e4 b5 15. e5 Be7 16. Bd3 b4 17. Ne2 Ba6 18. e6 fxe6 19. Bxg6 Bf6 20. Bd3 Bxd3 21. Rxd3 Qe8 22. Re3 Nd7 23. Qg4+ Qg6 24. Qxe6 Nf8 25. Qd6 Rd8 26. Re7+ 1-0

[Event "Guelph op 3rd"]
[Site "Guelph"]
[Date "2004.07.30"]
[Round "4"]
[White "Divljan, Igor"]
[Black "Filipovich, David"]
[Result "1/2-1/2"]
[WhiteElo "2317"]
[BlackElo "2210"]
[PlyCount "85"]
[EventDate "2004.07.28"]
[EventType "swiss"]
[EventRounds "9"]
[EventCountry "CAN"]
[SourceTitle "CBM 101 Extra"]
[Source "ChessBase"]
[SourceDate "2004.09.01"]
[SourceVersion "2"]
[SourceVersionDate "2004.09.01"]
[SourceQuality "1"]

1. d4 d5 2. c4 c6 3. Nf3 Nf6 4. Nc3 dxc4 5. a4 Na6 6. e4 Bg4 7. Bxc4 e6 8. Be3 Nb4 9. Rc1 Be7 10. 0-0 0-0 11. h3 Bxf3 12. Qxf3 Qa5 13. Rfd1 Rfd8 14. Bb3 a6 15. Nb1 Rac8 16. Na3 b5 17. axb5 axb5 18. Ra1 Qc7 19. Nc2 Nxc2 20. Bxc2 c5 21. dxc5 Bxc5 22. Bxc5 Qxc5 23. Rxd8+ Rxd8 24. Qd3 Qc8 25. Qe2 b4 26. e5 Nd5 27. Qe4 g6 28. h4 h5 29. Ra7 Qc5 30. Rxf7 Kxf7 31. Qxg6+ Kf8 32. Qh6+ Ke8 33. Ba4+ Kf7 34. Qxh5+ Ke7 35. Qh7+ Kf8 36. Qh8+ Kf7 37. Qh7+ Kf8 38. Qh8+ Kf7 39. Qxd8 Qc1+ 40. Kh2 Qf4+ 41. Kh1 Qc1+ 42. Kh2 Qf4+ 43. Kg1 1/2-1/2

[Event "Guelph op 3rd"]
[Site "Guelph"]
[Date "2004.07.30"]
[Round "3"]
[White "Noritsyn, Nikolay"]
[Black "Divljan, Igor"]
[Result "1-0"]
[WhiteElo "2175"]
[BlackElo "2317"]
[PlyCount "57"]
[EventDate "2004.07.28"]
[EventType "swiss"]
[EventRounds "9"]
[EventCountry "CAN"]
[SourceTitle "CBM 101 Extra"]
[Source "ChessBase"]
[SourceDate "2004.09.01"]
[SourceVersion "2"]
[SourceVersionDate "2004.09.01"]
[SourceQuality "1"]

1. e4 c5 2. Nf3 e6 3. d4 cxd4 4. Nxd4 Nc6 5. Nb5 d6 6. c4 Nf6 7. N1c3 a6 8. Na3 b6 9. Be2 Bb7 10. 0-0 Ne5 11. f4 Ned7 12. Bf3 Be7 13. Qe2 0-0 14. g4 h6 15. h4 Nh7 16. g5 hxg5 17. fxg5 Ne5 18. Bf4 Nxf3+ 19. Rxf3 Re8 20. Raf1 d5 21. Be5 f6 22. gxf6 gxf6 23. Kh1 Kh8 24. Qe3 fxe5 25. Rf7 Bf8 26. Qg3 Bh6 27. Qxe5+ Kg8 28. Qh5 Bg7 29. Rxg7+ 1-0

[Event "Guelph op 3rd"]
[Site "Guelph"]
[Date "2004.07.29"]
[Round "2"]
[White "Divljan, Igor"]
[Black "Peng, David Yu"]
[Result "1-0"]
[WhiteElo "2319"]
[BlackElo "2038"]
[PlyCount "81"]
[EventDate "2004.07.28"]
[EventType "swiss"]
[EventRounds "9"]
[EventCountry "CAN"]
[SourceTitle "CBM 101 Extra"]
[Source "ChessBase"]
[SourceDate "2004.09.01"]
[SourceVersion "2"]
[SourceVersionDate "2004.09.01"]
[SourceQuality "1"]

1. d4 e6 2. c4 f5 3. g3 d5 4. Bg2 Nf6 5. Nf3 c6 6. 0-0 Be7 7. Nbd2 0-0 8. b3 Ne4 9. Qc2 Nd7 10. Bb2 Qe8 11. Ne5 Qh5 12. Nxd7 Bxd7 13. f3 Nxd2 14. Qxd2 f4 15. e3 fxg3 16. hxg3 Bd6 17. f4 g5 18. Bf3 Qh6 19. Qh2 Qg7 20. Kf2 Be8 21. Rh1 Bg6 22. Qh6 Qxh6 23. Rxh6 Rf7 24. Kg2 a5 25. c5 Bf8 26. Rh2 Be7 27. Bc3 Bd8 28. Kf2 b6 29. cxb6 Bxb6 30. Bh5 e5 31. Bxg6 hxg6 32. Rah1 Rff8 33. Rh8+ Kf7 34. Rxf8+ Rxf8 35. fxe5 Kg7+ 36. Ke2 Bd8 37. Rc1 g4 38. Be1 Rh8 39. Rxc6 Rh2+ 40. Bf2 Bh4 41. Kf1 1-0

[Event "CAN-ch U18"]
[Site "Shawinigan"]
[Date "2003.??.??"]
[Round "6"]
[White "Masse, Hugues"]
[Black "Divljan, Igor"]
[Result "0-1"]
[WhiteElo "2120"]
[BlackElo "2221"]
[PlyCount "92"]
[EventDate "2003.??.??"]
[EventType "swiss"]
[EventRounds "7"]
[EventCountry "CAN"]
[SourceTitle "EXT 2005"]
[Source "ChessBase"]
[SourceDate "2004.11.15"]
[SourceVersion "1"]
[SourceVersionDate "2004.11.15"]
[SourceQuality "1"]

1. d4 Nf6 2. c4 e6 3. Nc3 Bb4 4. e3 0-0 5. Nge2 c5 6. a3 cxd4 7. exd4 Bxc3+ 8. Nxc3 d5 9. cxd5 Nxd5 10. Bc4 Nxc3 11. bxc3 Qc7 12. Qd3 Nd7 13. Bb3 b6 14. 0-0 Bb7 15. Bg5 Rac8 16. Rac1 Qd6 17. Qg3 Qxg3 18. hxg3 h6 19. Be3 Nf6 20. c4 Rfd8 21. f3 Rd7 22. Rfd1 g5 23. Kf2 Rdc7 24. Rc2 Nd5 25. Rdc1 Ne7 26. a4 Nc6 27. c5 Nb4 28. Rc3 Ba6 29. Bc4 Bxc4 30. Rxc4 Nd3+ 31. Ke2 Nxc1+ 32. Rxc1 bxc5 33. dxc5 Rb8 34. Kd3 Rb3+ 35. Ke2 Rb2+ 36. Kd3 Rc6 37. Kc4 Kf8 38. Bd4 Rb7 39. Be5 Ke7 40. Rh1 Kd7 41. Rxh6 Ra6 42. Kd3 Rxa4 43. Ke3 Kc6 44. Bd6 Rb3+ 45. Kf2 Ra2+ 46. Kg1 Rb1+ 0-1

[Event "Wch U16"]
[Site "Heraklion"]
[Date "2002.11.18"]
[Round "5"]
[White "Adly, Ahmed"]
[Black "Divljan, Igor"]
[Result "1-0"]
[WhiteElo "2294"]
[BlackElo "2224"]
[PlyCount "47"]
[EventDate "2002.11.15"]
[EventType "swiss"]
[EventRounds "11"]
[EventCountry "GRE"]
[SourceTitle "CBM 091 Extra"]
[Source "ChessBase"]
[SourceDate "2003.01.09"]
[SourceVersion "1"]
[SourceVersionDate "2003.01.09"]
[SourceQuality "1"]

1. d4 Nf6 2. Nf3 e6 3. e3 d5 4. b3 c5 5. Bb2 Nbd7 6. Nbd2 Be7 7. Bd3 b6 8. Ne5 Nxe5 9. dxe5 Nd7 10. 0-0 Bb7 11. f4 Qc7 12. a4 a6 13. Qg4 g6 14. c4 d4 15. Qe2 dxe3 16. Ne4 Bxe4 17. Bxe4 Rb8 18. Qxe3 0-0 19. f5 Nxe5 20. f6 Ng4 21. Qh3 Bxf6 22. Rxf6 Nxf6 23. Bxf6 h5 24. Qe3 1-0

[Event "Toronto CMA Futurity qual"]
[Site "Toronto"]
[Date "2002.07.28"]
[Round "4"]
[White "Divljan, Igor"]
[Black "Buscar, Michael"]
[Result "1-0"]
[WhiteElo "2260"]
[BlackElo "2060"]
[PlyCount "67"]
[EventDate "2002.07.26"]
[EventType "swiss"]
[EventRounds "5"]
[EventCountry "CAN"]
[SourceTitle "EXT 2003"]
[Source "ChessBase"]
[SourceDate "2002.11.25"]
[SourceVersion "1"]
[SourceVersionDate "2002.11.25"]
[SourceQuality "1"]

1. d4 d5 2. c4 e6 3. Nc3 c5 4. cxd5 exd5 5. Nf3 Nc6 6. g3 Nf6 7. Bg2 Be7 8. 0-0 0-0 9. Bg5 c4 10. Ne5 Be6 11. f4 Ng4 12. Nxg4 Bxg4 13. Bxd5 Bxg5 14. fxg5 Qxg5 15. Rf4 Rad8 16. Qd2 h5 17. e4 Bh3 18. Qf2 Kh8 19. e5 Nb4 20. Bxc4 Be6 21. a3 Nd5 22. Bxd5 Bxd5 23. Nxd5 Rxd5 24. e6 f6 25. Re1 Re8 26. Qc2 f5 27. Qa4 b5 28. Qxa7 Qe7 29. Qxe7 Rxe7 30. Re5 Rxe5 31. dxe5 Rxe6 32. Rxf5 g6 33. Rf6 Rxe5 34. Rxg6 1-0

[Event "Toronto Canada Day op"]
[Site "Toronto"]
[Date "2002.06.30"]
[Round "4"]
[White "Divljan, Igor"]
[Black "Southam, David"]
[Result "0-1"]
[WhiteElo "2252"]
[BlackElo "2176"]
[PlyCount "116"]
[EventDate "2002.06.29"]
[EventType "swiss"]
[EventRounds "6"]
[EventCountry "CAN"]
[SourceTitle "EXT 2022"]
[Source "ChessBase"]
[SourceDate "2021.10.06"]
[SourceVersion "1"]
[SourceVersionDate "2021.10.06"]
[SourceQuality "1"]

1. d4 Nf6 2. c4 c5 3. d5 b5 4. cxb5 a6 5. b6 g6 6. Nc3 d6 7. a4 Qxb6 8. a5 Qb4 9. Ra4 Qb7 10. e4 Bg7 11. Bc4 0-0 12. Nge2 Ne8 13. 0-0 Nc7 14. Qd3 Bd7 15. Ra3 Nb5 16. Ra1 Nxc3 17. Nxc3 f5 18. f3 fxe4 19. fxe4 Rxf1+ 20. Qxf1 Be8 21. Ra3 Nd7 22. Rb3 Qc7 23. Bxa6 Qxa5 24. Bb5 Ne5 25. Bxe8 Rxe8 26. Ra3 Qb4 27. Ra4 Qb3 28. Qd1 Qxd1+ 29. Nxd1 Nd3 30. Bg5 Nxb2 31. Nxb2 Bxb2 32. Kf1 Kf7 33. Ke2 Be5 34. h3 Rb8 35. Ra7 Bf6 36. Bxf6 Kxf6 37. Rc7 Rb3 38. e5+ Kxe5 39. Rxe7+ Kxd5 40. Rxh7 Ke6 41. Rg7 Rg3 42. Kf2 Kf6 43. Rd7 Rd3 44. h4 c4 45. g4 c3 46. Ke2 Rd2+ 47. Ke3 d5 48. Rc7 d4+ 49. Ke4 c2 50. Rc6+ Ke7 51. h5 gxh5 52. gxh5 Kf7 53. Kf5 Kg7 54. h6+ Kh7 55. Kg5 Rg2+ 56. Kh5 d3 57. Rc7+ Kh8 58. h7 Rg7 0-1

[Event "Toronto Canada Day op"]
[Site "Toronto"]
[Date "2002.06.30"]
[Round "3"]
[White "Findlay, Ian T"]
[Black "Divljan, Igor"]
[Result "1/2-1/2"]
[WhiteElo "2391"]
[BlackElo "2258"]
[PlyCount "93"]
[EventDate "2002.06.29"]
[EventType "swiss"]
[EventRounds "6"]
[EventCountry "CAN"]
[SourceTitle "EXT 2022"]
[Source "ChessBase"]
[SourceDate "2021.10.06"]
[SourceVersion "1"]
[SourceVersionDate "2021.10.06"]
[SourceQuality "1"]

1. e4 c5 2. Nf3 e6 3. d4 cxd4 4. Nxd4 Nc6 5. Nc3 Qc7 6. g3 a6 7. Bg2 Nf6 8. 0-0 Bc5 9. Nb3 Ba7 10. Qe2 Ne5 11. a4 d6 12. Be3 Bxe3 13. Qxe3 Nc4 14. Qc1 e5 15. Nd2 Be6 16. Nxc4 Bxc4 17. Rd1 0-0 18. a5 Qc6 19. Qe3 Rfd8 20. Na4 Be6 21. Nb6 Rab8 22. Rd2 Nd7 23. Nd5 Bxd5 24. exd5 Qb5 25. Qa3 Rbc8 26. Bf1 Qc5 27. c4 e4 28. b4 Qa7 29. Re1 f5 30. Rc1 Ne5 31. Be2 Rc7 32. c5 Rf8 33. Qe3 Qb8 34. Rdc2 Qd8 35. cxd6 Rxc2 36. Rxc2 Qxd6 37. Qc5 Qf6 38. Qe3 Rd8 39. Rd2 Rd6 40. Kg2 Nd7 41. f4 exf3+ 42. Bxf3 Ne5 43. Be2 h6 44. Qd4 Nd7 45. Qe3 Ne5 46. Qd4 Nd7 47. Qe3 1/2-1/2

[Event "CAN-ch zt"]
[Site "Richmond"]
[Date "2002.03.30"]
[Round "10"]
[White "Jiganchine, Roman"]
[Black "Divljan, Igor"]
[Result "0-1"]
[WhiteElo "2171"]
[BlackElo "2258"]
[PlyCount "78"]
[EventDate "2002.03.21"]
[EventType "swiss"]
[EventRounds "11"]
[EventCountry "CAN"]
[SourceTitle "CBM 088"]
[Source "ChessBase"]
[SourceDate "2002.03.21"]
[SourceVersion "1"]
[SourceVersionDate "2002.03.21"]
[SourceQuality "1"]

1. e4 c5 2. c3 Nf6 3. e5 Nd5 4. d4 cxd4 5. Nf3 e6 6. cxd4 d6 7. Bd3 Nb4 8. Bb5+ Bd7 9. Be2 Bc6 10. 0-0 Nd7 11. Bf4 Nd5 12. Bg3 dxe5 13. dxe5 Nc5 14. Na3 Be7 15. Nc4 0-0 16. Nd4 Qc7 17. Nxc6 bxc6 18. Bf3 a5 19. Qe2 Rfb8 20. Rfd1 Rb4 21. Rac1 Rab8 22. Rc2 Na4 23. Qd2 Qa7 24. b3 Nc5 25. Nb2 a4 26. Nxa4 Nxa4 27. bxa4 Qxa4 28. h3 h6 29. Qd3 Rb2 30. Rc4 Qxa2 31. Rdc1 Rd2 32. Qe4 Nb4 33. Qg4 Nd3 34. Rf1 Bc5 35. Be4 Bxf2+ 36. Bxf2 Nxf2 37. Qf4 Nxe4 38. Qxe4 Rbb2 39. Kh1 Rxg2 0-1

[Event "CAN-ch zt"]
[Site "Richmond"]
[Date "2002.03.26"]
[Round "6"]
[White "Huber, Gregory"]
[Black "Divljan, Igor"]
[Result "1-0"]
[WhiteElo "2243"]
[BlackElo "2258"]
[PlyCount "49"]
[EventDate "2002.03.21"]
[EventType "swiss"]
[EventRounds "11"]
[EventCountry "CAN"]
[SourceTitle "CBM 088"]
[Source "ChessBase"]
[SourceDate "2002.03.21"]
[SourceVersion "1"]
[SourceVersionDate "2002.03.21"]
[SourceQuality "1"]

1. e4 c5 2. Nf3 e6 3. d4 cxd4 4. Nxd4 Nc6 5. Nc3 Qc7 6. Ndb5 Qb8 7. Be3 Be7 8. f4 a6 9. Nd4 d6 10. Qf3 Nf6 11. Bd3 e5 12. Nf5 Bxf5 13. exf5 0-0 14. 0-0 Nb4 15. fxe5 dxe5 16. Be4 Nxe4 17. Qxe4 f6 18. Rf3 Qc8 19. Rh3 Rf7 20. a3 Nc6 21. Nd5 Qd8 22. Rd1 Bf8 23. Qh4 h6 24. Qg4 Rd7 25. Nxf6+ 1-0